[Event "Maia op 7th"]
[Site "Maia"]
[Date "2023.09.01"]
[Round "8"]
[White "Eidelman, Gabriel"]
[Black "Eurich, Jannik"]
[Result "1-0"]
[WhiteElo "2296"]
[BlackElo "2055"]
[PlyCount "79"]
[EventDate "2023.08.25"]
[EventType "swiss"]
[EventRounds "9"]
[EventCountry "POR"]
[SourceTitle "EXT 2024"]
[Source "ChessBase"]
[SourceDate "2023.10.10"]
[SourceVersion "1"]
[SourceVersionDate "2023.10.10"]
[SourceQuality "1"]

1. Nf3 Nf6 2. g3 d5 3. Bg2 e6 4. d4 c5 5. c4 Nc6 6. 0-0 dxc4 7. Qa4 cxd4 8. Nxd4 Qxd4 9. Bxc6+ Bd7 10. Rd1 Bxc6 11. Qxc6+ bxc6 12. Rxd4 Be7 13. Rxc4 Rc8 14. Nd2 0-0 15. Nb3 Nd5 16. Bd2 c5 17. Rac1 Nb6 18. R4c2 c4 19. Na5 Bf6 20. Be3 Nd5 21. Rxc4 Rxc4 22. Nxc4 Nxe3 23. fxe3 Rc8 24. b4 a6 25. a4 Bd8 26. Kf2 h5 27. Kf3 g5 28. e4 Be7 29. b5 g4+ 30. Kg2 axb5 31. axb5 Rc5 32. b6 Rb5 33. Ra1 Rb4 34. Ra8+ Kg7 35. Rc8 Bf6 36. e5 Bg5 37. Kf2 f6 38. Rc7+ Kg6 39. b7 Kf5 40. Rc8 1-0

[Event "Krefeld op"]
[Site "Krefeld"]
[Date "2023.08.06"]
[Round "9"]
[White "Neukirchner, Pascal"]
[Black "Eurich, Jannik"]
[Result "1-0"]
[WhiteElo "2279"]
[BlackElo "2055"]
[PlyCount "59"]
[EventDate "2023.08.02"]
[EventType "swiss"]
[EventRounds "9"]
[EventCountry "GER"]
[SourceTitle "CBM 215 Extra"]
[Source "ChessBase"]
[SourceDate "2023.09.30"]
[SourceVersion "1"]
[SourceVersionDate "2023.09.30"]
[SourceQuality "1"]

1. Nf3 Nf6 2. g3 c6 3. Bg2 d5 4. 0-0 Bf5 5. c4 Nbd7 6. cxd5 cxd5 7. Qb3 Qb6 8. Qxb6 Nxb6 9. Nc3 Rc8 10. d3 e6 11. a4 a6 12. Nh4 Bg6 13. a5 Nbd7 14. Nxg6 hxg6 15. d4 Bb4 16. Bd2 0-0 17. Ra4 Be7 18. Bg5 Rfe8 19. h4 Rc6 20. Rd1 b5 21. Raa1 b4 22. Na4 Rec8 23. Bd2 Rc2 24. e3 Ne4 25. Be1 R8c6 26. Bf1 Bd8 27. Bd3 Bxa5 28. Bxc2 Rxc2 29. Rac1 Rc4 30. b3 1-0

[Event "Heusenstamm Schloss op"]
[Site "Heusenstamm"]
[Date "2022.11.17"]
[Round "1"]
[White "Eurich, Jannik"]
[Black "Hilbenz, Guntram"]
[Result "1-0"]
[WhiteElo "1992"]
[BlackElo "1829"]
[PlyCount "83"]
[EventDate "2022.11.17"]
[EventType "swiss"]
[EventRounds "7"]
[EventCountry "GER"]
[SourceTitle "CBM 212 Extra"]
[Source "ChessBase"]
[SourceDate "2023.03.31"]
[SourceVersion "1"]
[SourceVersionDate "2023.03.31"]
[SourceQuality "1"]

1. e4 e5 2. Nf3 Nc6 3. Bb5 a6 4. Ba4 Nf6 5. 0-0 Be7 6. Re1 b5 7. Bb3 0-0 8. a4 Bb7 9. Nc3 Nd4 10. Nxd4 exd4 11. Nd5 Nxd5 12. exd5 c5 13. d3 Bd6 14. Qh5 g6 15. Qh3 f5 16. Bh6 Re8 17. f4 Qf6 18. Bg5 Qf7 19. Qf3 Rxe1+ 20. Rxe1 Re8 21. Rxe8+ Qxe8 22. Kf2 h5 23. c3 Kg7 24. Kf1 Qf7 25. axb5 axb5 26. cxd4 cxd4 27. Bd8 Bc5 28. Qe2 d6 29. Qe6 Qxe6 30. dxe6 Kf8 31. Bf6 Ke8 32. Kf2 Bb6 33. Kg3 Ba5 34. Bxd4 Ke7 35. Kh4 Bxg2 36. Kg5 Bd2 37. Bf6+ Ke8 38. h4 d5 39. Kxg6 Bxf4 40. Kxf5 Be3 41. Ke5 d4 42. Bd1 1-0

[Event "GER-chT U20"]
[Site "Kiel"]
[Date "2022.07.23"]
[Round "2.4"]
[White "Eurich, Jannik"]
[Black "Schaefer, Daniel1111"]
[Result "1-0"]
[WhiteElo "1957"]
[BlackElo "1793"]
[PlyCount "71"]
[EventDate "2022.07.22"]
[EventType "team-swiss"]
[EventRounds "7"]
[EventCountry "GER"]
[SourceTitle "CBM 209 Extra"]
[Source "ChessBase"]
[SourceDate "2022.09.30"]
[SourceVersion "1"]
[SourceVersionDate "2022.09.30"]
[SourceQuality "1"]
[WhiteTeam "Langen"]
[BlackTeam "Heilbronn"]
[WhiteTeamCountry "GER"]
[BlackTeamCountry "GER"]

1. e4 e5 2. Nf3 Nc6 3. Bb5 a6 4. Ba4 Nf6 5. 0-0 Be7 6. Re1 b5 7. Bb3 d6 8. c3 0-0 9. h3 Nb8 10. d4 Nbd7 11. Nbd2 c5 12. d5 c4 13. Bc2 Nc5 14. Nf1 Qc7 15. Ng3 Re8 16. Nh4 g6 17. Nf3 Bf8 18. Bg5 Nfd7 19. Qd2 Rb8 20. b4 cxb3 21. axb3 Nb6 22. h4 a5 23. Be3 a4 24. Bxc5 Qxc5 25. bxa4 Nxa4 26. Bxa4 bxa4 27. Rxa4 Bd7 28. Rb4 Rec8 29. Reb1 Ra8 30. c4 Ra3 31. Kh2 Rca8 32. R1b2 R8a4 33. Rb8 Rxc4 34. Qg5 Rc2 35. Rxc2 Qxc2 36. Qd8 1-0

[Event "Heusenstamm Sparkassen op-A 7th"]
[Site "Heusenstamm"]
[Date "2021.11.19"]
[Round "2.45"]
[White "Eurich, Jannik"]
[Black "Cofman, Veaceslav"]
[Result "0-1"]
[WhiteElo "1907"]
[BlackElo "2288"]
[PlyCount "54"]
[EventDate "2021.11.18"]
[EventType "swiss"]
[EventRounds "7"]
[EventCountry "GER"]
[SourceTitle "EXT 2023"]
[Source "ChessBase"]
[SourceDate "2022.10.05"]
[SourceVersion "1"]
[SourceVersionDate "2022.10.05"]
[SourceQuality "1"]

1. e4 e6 2. d4 d5 3. Nd2 c5 4. exd5 Qxd5 5. Ngf3 cxd4 6. Bc4 Qd6 7. 0-0 Nf6 8. Nb3 Nc6 9. Nbxd4 Nxd4 10. Nxd4 a6 11. c3 Qc7 12. Bb3 Bd7 13. f4 Bc5 14. Kh1 0-0-0 15. Be3 h5 16. Qe2 h4 17. Bc4 h3 18. g3 b5 19. Bd3 Qb7+ 20. Kg1 Ng4 21. Bd2 Qg2+ 22. Qxg2 hxg2 23. Rfd1 Rxh2 24. Be2 Bxd4+ 25. cxd4 Rh1+ 26. Kxg2 Bc6+ 27. Bf3 Rh2+ 0-1

[Event "Rhein Main op-B 21st"]
[Site "Bad Homburg"]
[Date "2018.05.31"]
[Round "2"]
[White "Bazilius, Augustinas"]
[Black "Eurich, Jannik"]
[Result "1-0"]
[WhiteElo "1420"]
[BlackElo "1661"]
[PlyCount "73"]
[EventDate "2018.05.30"]
[EventType "swiss"]
[EventRounds "7"]
[EventCountry "GER"]
[SourceTitle "EXT 2019"]
[Source "ChessBase"]
[SourceDate "2018.10.10"]
[SourceVersion "1"]
[SourceVersionDate "2018.10.10"]
[SourceQuality "1"]

1. d4 d5 2. e3 Nf6 3. Nd2 Bf5 4. c4 c6 5. Ngf3 e6 6. c5 Nbd7 7. Be2 b6 8. b4 a5 9. bxa5 bxc5 10. Qa4 Qc7 11. a6 Bd6 12. Nh4 Bg6 13. Nxg6 hxg6 14. h3 c4 15. Rb1 0-0 16. 0-0 Ra7 17. e4 c3 18. e5 cxd2 19. exd6 dxc1Q 20. dxc7 Qf4 21. Rb7 Rxb7 22. axb7 Qxc7 23. Qa8 Rb8 24. Rb1 Nb6 25. Rxb6 Nd7 26. Rb1 c5 27. dxc5 Nxc5 28. Rc1 Qd8 29. Qa7 Nd7 30. Qxb8 Qxb8 31. Rc8+ Kh7 32. Rxb8 Nxb8 33. a4 d4 34. a5 e5 35. a6 e4 36. a7 d3 37. Bxd3 1-0

[Event "Hessen-ch U10"]
[Site "Bad Homburg"]
[Date "2013.??.??"]
[Round "1"]
[White "Papadopoulos, Ioannis1111"]
[Black "Eurich, Jannik"]
[Result "1-0"]
[WhiteElo "1122"]
[BlackElo "891"]
[PlyCount "65"]
[EventDate "2013.03.??"]
[EventType "swiss"]
[EventRounds "9"]
[EventCountry "GER"]
[SourceTitle "EXT 2014"]
[Source "ChessBase"]
[SourceDate "2013.11.20"]
[SourceVersion "1"]
[SourceVersionDate "2013.11.20"]
[SourceQuality "1"]

1. e4 e5 2. Nf3 Nc6 3. Bc4 Nf6 4. Ng5 d5 5. exd5 Nxd5 6. Nc3 Nxc3 7. Bxf7+ Kd7 8. dxc3+ Bd6 9. Be6+ Ke8 10. Nf7 Qe7 11. Bxc8 Qxf7 12. Bxb7 Rd8 13. Bxc6+ Kf8 14. Bg5 Rb8 15. c4 Bc5 16. Qf3 Bb4+ 17. c3 Bd6 18. Qxf7+ Kxf7 19. b4 h6 20. Be3 g5 21. Bxa7 Rbc8 22. a4 Rhd8 23. Bb7 e4 24. Bxc8 Rxc8 25. Bc5 Be5 26. Bd4 Bd6 27. a5 Ra8 28. a6 Ke6 29. a7 c6 30. b5 c5 31. b6 cxd4 32. b7 Rf8 33. a8Q 1-0